000 00840nam a22002417a 4500
005 20151126122900.0
010 _a ENG-114178
020 _a9789382396147
_c450.00
035 _aEN-97710
037 _bDBAD/PUB
082 _a301.0954
100 _aThakur, Manish
245 _aThe quest for Indian sociology :
_cby Manish Thakur
_bRadhakamal Mukerjee and our times /
260 _aShimla
_bIndian Institute of Advanced Study,
_c2014
270 _aRashtrapati Nivas,
_bShimla
_e171005
300 _ax,205p.
_c23cm(Hb)
500 _aIncludes bibliographical references (pages 179-201) and index.
600 _a Mukerjee, Radhakamal,
_d1889-1968.
650 _a Sociology
_zIndia
_xHistory.
650 _aSociology
_xMethodology.
710 _a Indian Institute of Advanced Study,
942 _2ddc
_cEN
_mTHA
_h301.0954
999 _c97542
_d97542